Geografické názvy okresu Bratislava-vidiek

Salvato in:
Dettagli Bibliografici
Natura: Libro
Lingua:slovacco
Pubblicazione: Bratislava Slovenská kartografia 1983
Tags: Aggiungi Tag
Nessun Tag, puoi essere il primo ad aggiungerne!!

MARC

LEADER 00000nam a2200000 4500
001 c108003
005 20041019155140.4
041 0 |a slo 
044 |a SK 
245 1 0 |a Geografické názvy okresu Bratislava-vidiek 
264 1 |a Bratislava  |b Slovenská kartografia  |c 1983 
300 |a 68 s.  |e príl.